<?xml version="1.0" encoding="UTF-8"?>
<record
    xmlns:xsi="http://www.w3.org/2001/XMLSchema-instance"
    xsi:schemaLocation="http://www.loc.gov/MARC21/slim http://www.loc.gov/standards/marcxml/schema/MARC21slim.xsd"
    xmlns="http://www.loc.gov/MARC21/slim">

  <leader>01464namaa22003251i 4500</leader>
  <controlfield tag="005">20260505120452.0</controlfield>
  <controlfield tag="008">260420s1994    ua a|||frm||| 000 0 eng d</controlfield>
  <datafield tag="040" ind1=" " ind2=" ">
    <subfield code="a">EG-GICUC</subfield>
    <subfield code="b">eng</subfield>
    <subfield code="c">EG-GICUC</subfield>
    <subfield code="d">EG-GICUC</subfield>
    <subfield code="e">rda</subfield>
  </datafield>
  <datafield tag="041" ind1="0" ind2=" ">
    <subfield code="a">eng</subfield>
    <subfield code="b">eng</subfield>
    <subfield code="b">ara</subfield>
  </datafield>
  <datafield tag="049" ind1=" " ind2=" ">
    <subfield code="a">Deposit</subfield>
  </datafield>
  <datafield tag="097" ind1=" " ind2=" ">
    <subfield code="a">M.Sc</subfield>
  </datafield>
  <datafield tag="099" ind1=" " ind2=" ">
    <subfield code="a">Cai01.12.21.M.Sc.1994.Ho.E.</subfield>
  </datafield>
  <datafield tag="100" ind1="0" ind2=" ">
    <subfield code="a">Hossam Hassan Hussein Abbas,</subfield>
    <subfield code="e">preparation.</subfield>
  </datafield>
  <datafield tag="245" ind1="1" ind2="0">
    <subfield code="a">Effect of Lead on Some Physiological and biochemical aspects of nile tilapia :</subfield>
    <subfield code="b">Oreochromis Niloticus /</subfield>
    <subfield code="c">By Hossam Hassan Hussein Abbas ; Supeervised Dr. Haggag Ali Mohamed, Dr. Mohamed Assem Marei, Dr. Gamel El-Naggar</subfield>
  </datafield>
  <datafield tag="246" ind1="1" ind2="5">
    <subfield code="a">&#x62A;&#x627;&#x62B;&#x64A;&#x631; &#x627;&#x644;&#x631;&#x635;&#x627;&#x635; &#x639;&#x644;&#x64A; &#x628;&#x639;&#x636; &#x627;&#x644;&#x635;&#x641;&#x627;&#x62A; &#x627;&#x644;&#x641;&#x633;&#x64A;&#x648;&#x644;&#x648;&#x62C;&#x64A;&#x629; &#x648;&#x627;&#x644;&#x628;&#x64A;&#x648;&#x643;&#x64A;&#x645;&#x64A;&#x627;&#x626;&#x64A;&#x629; &#x644;&#x633;&#x645;&#x643; &#x627;&#x644;&#x628;&#x644;&#x637;&#x64A; &#x627;&#x644;&#x646;&#x64A;&#x644;&#x64A; :</subfield>
    <subfield code="b">&#x627;&#x631;&#x64A;&#x648;&#x643;&#x631;&#x648;&#x645;&#x633; &#x646;&#x64A;&#x644;&#x648;&#x62A;&#x643;&#x633; /</subfield>
  </datafield>
  <datafield tag="264" ind1=" " ind2="0">
    <subfield code="c">1994.</subfield>
  </datafield>
  <datafield tag="300" ind1=" " ind2=" ">
    <subfield code="a">99 Leaves :</subfield>
    <subfield code="b">illustrations </subfield>
    <subfield code="c">30 cm. + </subfield>
  </datafield>
  <datafield tag="336" ind1=" " ind2=" ">
    <subfield code="2">rda content</subfield>
    <subfield code="a">text</subfield>
  </datafield>
  <datafield tag="337" ind1=" " ind2=" ">
    <subfield code="2">rdamedia</subfield>
    <subfield code="a">Unmediated</subfield>
  </datafield>
  <datafield tag="338" ind1=" " ind2=" ">
    <subfield code="2">rdacarrier</subfield>
    <subfield code="a">volume</subfield>
  </datafield>
  <datafield tag="502" ind1=" " ind2=" ">
    <subfield code="a">Thesis (M.Sc.)-Cairo University, 1994</subfield>
  </datafield>
  <datafield tag="504" ind1=" " ind2=" ">
    <subfield code="a">Bibliography: pages 69-99</subfield>
  </datafield>
  <datafield tag="653" ind1=" " ind2="0">
    <subfield code="a">Nile tilapia</subfield>
  </datafield>
  <datafield tag="700" ind1="0" ind2=" ">
    <subfield code="a">Haggag Ali Mohamed</subfield>
    <subfield code="e">thesis advisor.</subfield>
  </datafield>
  <datafield tag="700" ind1="0" ind2=" ">
    <subfield code="a">Mohamed Assem Marei</subfield>
    <subfield code="e">thesis advisor.</subfield>
  </datafield>
  <datafield tag="700" ind1="0" ind2=" ">
    <subfield code="a">Gamal El-Naggar</subfield>
    <subfield code="e">thesis advisor.</subfield>
  </datafield>
  <datafield tag="900" ind1=" " ind2=" ">
    <subfield code="D">Department of Zoology</subfield>
    <subfield code="F">Faculty of Science</subfield>
    <subfield code="U">Cairo University</subfield>
    <subfield code="b">1994</subfield>
    <subfield code="c">Haggag Ali Mohamed</subfield>
    <subfield code="c">Mohamed Assem Marei</subfield>
    <subfield code="c">Gamal El-Naggar</subfield>
  </datafield>
  <datafield tag="905" ind1=" " ind2=" ">
    <subfield code="a">Nehad</subfield>
    <subfield code="e">Nourhan</subfield>
  </datafield>
  <datafield tag="942" ind1=" " ind2=" ">
    <subfield code="2">ddc</subfield>
    <subfield code="c">TH</subfield>
    <subfield code="e">21</subfield>
    <subfield code="n">0</subfield>
  </datafield>
  <datafield tag="999" ind1=" " ind2=" ">
    <subfield code="c">179614</subfield>
  </datafield>
  <datafield tag="952" ind1=" " ind2=" ">
    <subfield code="2">ddc</subfield>
    <subfield code="9">316966</subfield>
    <subfield code="a">CUCL</subfield>
    <subfield code="b">100</subfield>
    <subfield code="d">2026-04-20</subfield>
    <subfield code="i">26113</subfield>
    <subfield code="o">Cai01.12.21.M.Sc.1994.Ho.E</subfield>
    <subfield code="p">01010110026113000</subfield>
    <subfield code="r">2026-04-20 13:07:38</subfield>
    <subfield code="w">2026-04-20</subfield>
    <subfield code="y">TH</subfield>
  </datafield>
</record>
